تخطي إلى المحتوى
Inicio
Centros participantes
Catálogo
Servicios
Contacto
تسجيل الدخول
English
Deutsch
Español
Français
Italiano
日本語
Nederlands
Português
Português (Brasil)
中文(简体)
中文(繁體)
Türkçe
עברית
Gaeilge
Cymraeg
Ελληνικά
Català
Euskara
Русский
Čeština
Suomi
Svenska
polski
Dansk
slovenščina
اللغة العربية
বাংলা
Galego
Tiếng Việt
Hrvatski
हिंदी
Հայերէն
Українська
Sámegiella
اللغة
كل الحقول
العنوان
المؤلف
الموضوع
رقم الاستدعاء
ردمك/تدمد
الوسم
ابحث
بحث متقدم
Panamá: la coyuntura electoral...
استشهد بهذا
أرسل هذا بالبريد الإلكتروني
طباعة
تصدير التسجيلة
تصدير إلى RefWorks
تصدير إلى EndNoteWeb
تصدير إلى EndNote
أضف إلى المفضلة
رابط دائم
إضافة أول تقييم
Panamá: la coyuntura electoral de mayo-junio de 1984. Notas sobre su significado, sus antecedentes y sus perspectivas
محفوظ في:
التفاصيل البيبلوغرافية
المؤلف الرئيسي:
Castro Herrera, Guillermo
مؤلف مشترك:
CELA
التنسيق:
نص
منشور في:
Panamá:
CELA
الوسوم:
إضافة وسم
لا توجد وسوم, كن أول من يضع وسما على هذه التسجيلة!
المقتنيات
الوصف
التعليقات
مواد مشابهة
عرض للأخصائي
MARC
LEADER
00000 a a2200000 04500
001
21242
003
040
090
|a
092700
100
|a
Castro Herrera, Guillermo
110
|a
CELA
245
|a
Panamá: la coyuntura electoral de mayo-junio de 1984. Notas sobre su significado, sus antecedentes y sus perspectivas
260
|a
Panamá:
|b
CELA
300
|a
16 p.
999
|c
12126
|d
12126
مواد مشابهة
The Panama canal: the issue and the future
حسب: Fontaine, Roger
La Contrarrevolución en Costa Rica: avance de investigación /
Lineamientos generales presentados por Honduras
حسب: Cañadas Mejía, Liliana Silvia
El Nicaragua sandinista visto por la prensa francesa
Transformaciones recientes y tendencias del estado en América Latina:la descentralización mito o potencial /
حسب: Morales Alvarez, Miguel